|
|
|
|
| LEADER |
00000nam a2200000 a 4500 |
| 001 |
vtls001388497 |
| 003 |
SK-MaSNL |
| 005 |
20260301011605.0 |
| 008 |
240226s2000 xo f f 000 0 slo |
| 015 |
|
|
|a SNBE2001/04-02991
|
| 020 |
|
|
|a 8096789384
|
| 035 |
|
|
|a SNK000342725
|
| 035 |
|
|
|a urn:nbn:sk:snk-am3hptc
|
| 035 |
|
|
|a B2C2A53E-65EE-4555-BC2D-9564F9C88C15
|
| 035 |
|
|
|a urn:nbn:sk:snk-am00cttu
|
| 040 |
|
|
|a SNK
|b slo
|c SNK
|e AACR2
|
| 041 |
0 |
|
|a slo
|
| 044 |
|
|
|a xo
|c SK
|
| 080 |
|
|
|a 615.03:615.277(041)
|2 1981
|
| 080 |
|
|
|a 615.277
|2 1981
|
| 245 |
0 |
0 |
|a Novartis v onkológii
|b základné informácie o produktoch
|c [Novartis]
|
| 260 |
|
|
|a [Banská Bystrica]
|b Dali
|c 2000
|
| 300 |
|
|
|a 64 s.
|c 15 cm
|
| 500 |
|
|
|a Názov z tiráže
|
| 610 |
0 |
7 |
|a Novartis (Bratislava, Slovensko)
|2 SNKKA
|9 295220
|
| 650 |
0 |
7 |
|a onkológia
|2 SNKPH
|9 2540
|
| 650 |
0 |
7 |
|a lieky
|2 SNKPH
|9 2515
|
| 655 |
|
7 |
|a príručky
|2 SNKPH
|9 74364
|
| 710 |
2 |
|
|a Novartis (Bratislava, Slovensko)
|4 aut
|9 295220
|
| 919 |
|
|
|a 80-967893-8-4
|
| 958 |
|
|
|a TL
|
| 958 |
|
|
|a MI
|
| 958 |
|
|
|a SK
|
| 999 |
|
|
|c 551353
|d 553283
|
| 952 |
|
|
|t P60, <09>, [BOOK], {629}
|a SNK
|b SNK
|y NEVYP
|7 0
|o snkE 36
|i snk644/20000522
|0 0
|1 0
|4 0
|d 2000-05-17
|l 0
|r 2005-01-02 00:00:00
|w 2026-02-23
|
| 952 |
|
|
|t P60, <03>, [BOOK], {603}
|a SNK
|b SNK
|y PREZ
|7 0
|p 17A0237897
|o snkSE 9822
|i snkKSP 4944/2000
|0 0
|1 0
|4 0
|d 2000-05-17
|f 1
|l 0
|r 2005-01-02 00:00:00
|w 2026-02-23
|
| 952 |
|
|
|t P60, <04>, [BOOK], {604}
|a SNK
|b SNK
|y VYP
|7 0
|p 17A0237898
|o snkSE 9822 D1
|i snkKSP 4945/2000
|0 0
|1 0
|4 0
|d 2000-05-17
|l 0
|r 2005-01-02 00:00:00
|w 2026-02-23
|